| 000 | 01472nam a2200277Ia 4500 | ||
|---|---|---|---|
| 999 |
_c54166 _d54166 |
||
| 001 | 21222 | ||
| 003 | GE_BSU | ||
| 005 | 20211004115436.0 | ||
| 008 | 181216s2002||||ge |||||||||||||| ||geo|| | ||
| 020 | _a9992896078 | ||
| 040 | _cGE_BSU | ||
| 041 | _ageo | ||
| 080 | _a342.4(479.22) კ-73 | ||
| 245 |
_aკონსტიტუცია და ქართული სამართლის პრობლემები : _bეძღვნება პროფ. გივი ინწკირველის დაბადების 75-ე წლისთავს / _cრედ. ვალერი ლორია. |
||
| 264 |
_aთბილისი : _bთბილ. უნ-ტის გამ-ბა, _c2002. |
||
| 300 |
_a296 გვ. : _b1ფოტო პორტ. ; _c20 სმ. |
||
| 504 | _aბიბლიოგრაფია ტექსტების შენიშვნებში | ||
| 541 | _h8ლ. | ||
| 653 | _aგივი ინწკირველი | ||
| 653 | _aსამართალი საქართველოში | ||
| 653 | _a საქართველოს კონსტიტუციური სამართალი | ||
| 653 | _aსაქართველოს ადმინისტრაციული სამართალი | ||
| 653 | _aსამართალი | ||
| 700 |
_aლორია, ვალერი _eრედაქტორი _912576 |
||
| 942 |
_cBK _2udc |
||